Super Power?: The Amazing Race between Chinas Hare and Indias Tortoise (Record no. 1094093)

MARC details
000 -LEADER
fixed length control field 00382nam a2200121Ia 4500
008 - FIXED-LENGTH DATA ELEMENTS--GENERAL INFORMATION
fixed length control field 231228s2010 xx 000 0 und d
041 ## - LANGUAGE CODE
Language code of text/sound track or separate title eng
082 ## - DEWEY DECIMAL CLASSIFICATION NUMBER
Classification number 951.06
Item number BAH
100 ## - MAIN ENTRY--PERSONAL NAME
Personal name BAHL (Raghav)
245 ## - TITLE STATEMENT
Title Super Power?: The Amazing Race between Chinas Hare and Indias Tortoise
260 ## - PUBLICATION, DISTRIBUTION, ETC.
Place of publication, distribution, etc. New Delhi
Name of publisher, distributor, etc. Penguin Books India Pvt. Ltd. New Delhi , London
Date of publication, distribution, etc. 2010
300 ## - PHYSICAL DESCRIPTION
Extent v, 242

No items available.